000 00651nam a2200181Ia 4500
008 090123s9999 xx 000 0 und d
082 _b507
100 _aदेशपांडे पुरूषोत्तम लक्ष्मण
245 _aखोगीर भरती
250 _a4
260 _bदेशमुख रा.ज.
300 _a160
600 _aदेशपांडे पुरूषोत्तम लक्ष्मण
630 _aखोगीर भरती
700 _aदेशपांडे पुरूषोत्तम लक्ष्मण
730 _aखोगीर भरती
942 _cBOOK
999 _c38595
_d38595